LEADER 01194nam a2200229 i 4500 001 000000147177 003 CaOOAMICUS 005 20090217000000.0 008 090217s1568 it u000 u ita u 013 $a124187 040 $aSeMil$bita 245 10$aLettere spirituali. 260 $aVenezia :$bAppresso Giacomo Simbeni,$c1568 ; Ed. : ad instantia di Marco Amadoro. 260 $a[S.l.] :$bad instantia di Marco Amadoro,$c1568 ; Ed. : ad instantia di Marco Amadoro. 300 $a10 x 14,5 ;$cpp. 392 ;$crom. 500 $aE' legato con : Dialogo spirituale molto utile ... (v.). - Descrizione da Incunaboli e Cinquecentine della Biblioteca del Seminario di Milano / catalogo a cura di Ubaldo Valentini, Milano 1981. - Numero di catalogo : 302. 700 1 $aCacciaguerra, Bonsignore <1495-1566>.$0(OLS)http://semarc/name/30445 850 $aSeMil 852 $aSeMil$W1$xVenegono$y1$mFV.B IV 31/1$j99762$B99762$CSeMilBibl$Z2$F108217 $86 996 $6245$aLettere spirituali$9(OLS)http://semarc/title/113670 996 $6260$a[S.l.] :$bad instantia di Marco Amadoro$9(OLS)http://semarc/publisher/47756 996 $6260$aVenezia :$bAppresso Giacomo Simbeni$9(OLS)http://semarc/publisher/47757 LEADER 00937nam a2200229 i 4500 001 000000127564 003 CaOOAMICUS 005 20060904000000.0 008 060904s1959 xxu u000 u eng u 013 $a100274 040 $aSeMil$bita 100 1 $aGodsey, John D. <1922- >.$0(OLS)http://semarc/name/53063 245 14$aThe theology of Dietrich Bonhoeffer /$cby John D. Godsey. 260 $aPhiladelphia :$bThe Westminster Press,$c1959. 300 $a299 p. ;$c24 cm. 500 $aContiene : Bibliography. 650 4$aBonhoeffer, Dietrich <1906-1945> - Teologia.$0(OLS)http://semarc/subject/19182 850 $aSeMil 852 $aSeMil$W1$xVenegono$y1$m2K I 238$j81846$B81846$CSeMilBibl$Z2$F114002 $81 961 $aOmaggio: Gualerni don Gualberto 996 $6245$aThe theology of Dietrich Bonhoeffer$9(OLS)http://semarc/title/188274 996 $6260$aPhiladelphia :$bThe Westminster Press$9(OLS)http://semarc/publisher/36189